000
00252nam a2200097Ia 4500
001
1229088
005
20250827093054.0
008
250824s9999 xx 000 0 und d
245
0
_a
BÜYÜK BUZ SAVAŞI
_c
TONY ABBOTT
260
_b
ALTIN KİTAPLAR YAYINLARI
999
_c
1229088
_d
1229088